000 00359nam a2200133Ia 4500
008 240624s9999 xx 000 0 und d
041 _aeng
082 _a658.4013 MIT
100 _aMITRA AMITAVA
245 _aFUNDAMENTALS OF QUALITY CONTROL AND IMPR
250 _a(2nd ed.)
260 _c2003
_aNew Delhi
_bPrentice-Hall
300 _axxvi, : 723 : p. : cm. ; 26
999 _c5231
_d5231